000 00395nam a2200157Ia 4500
008 230917s9999||||xx |||||||||||||| ||und||
040 _e229082
_aMAIN
041 _aEnglish
082 _a005.133 A64J(3)
100 _aArnold, Ken
245 0 _aJava™ programming language
250 _a3rd ed.
260 _aNoida
_bDorling Kindersley (India)
_c2013
300 _axxv, 685 p.
942 _cBK
999 _c180243
_d180243